书目信息 |
| 题名: |
国际礼仪与交际礼节
|
|
| 作者: | 李斌 著 | |
| 分册: | ||
| 出版信息: | 北京 世界知识出版社 1982 |
|
| 页数: | 197页 | |
| 开本: | 19cm | |
| 丛书名: | ||
| 单 册: | ||
| 中图分类: | D802.2 | |
| 科图分类: | ||
| 主题词: | 外交礼节--世界 | |
| 电子资源: | ||
| ISBN: | ||
| 000 | 00603nam0 2200229 45 | |
| 001 | 0182008659 | |
| 005 | 20070728111450.12 | |
| 010 | @dCNY0.80 | |
| 091 | @aCN@b17003.1007 | |
| 100 | @a19950622d1982 em y0chiy0121 ea | |
| 101 | 0 | @achi |
| 102 | @aCN@b110000 | |
| 105 | @ay z 000yy | |
| 200 | 10 | @a国际礼仪与交际礼节@Aguo ji li yi yu jiao ji li jie@f李斌著 |
| 210 | @a北京@c世界知识出版社@d1982 | |
| 215 | @a197页@d19cm | |
| 606 | @a外交礼节@y世界 | |
| 690 | @aD802.2@v3 | |
| 701 | 0 | @a李斌@Ali bin@4著 |
| 801 | 0 | @aCN@bTSSF@c20070728 |
| 801 | 2 | @aCN@bNLC@c20060820 |
| 905 | @a10447@dD802.2@e15 | |
| 国际礼仪与交际礼节/李斌著.-北京:世界知识出版社,1982 |
| 197页;19cm |
| ISBN :CNY0.80 |
| ● |
| 相关链接 |
|
|
|
|
正题名:国际礼仪与交际礼节
索取号:D802.2/15
 
预约/预借
| 序号 | 登录号 | 条形码 | 馆藏地/架位号 | 状态 | 备注 |
| 1 | 0424376 | 204243764 | 密集书库/ [索取号:D802.2/15] | 在馆 | |
| 2 | 0440597 | 204405973 | 密集书库/ [索取号:D802.2/15] | 在馆 | |
| 3 | 0440598 | 204405982 | 密集书库/ [索取号:D802.2/15] | 在馆 | |
| 4 | 0440599 | 204405991 | 密集书库/ [索取号:D802.2/15] | 在馆 | |
| 5 | 0441114 | 204411145 | 密集书库/ [索取号:D802.2/15] | 在馆 | |
| 6 | 0469158 | 204691583 | 密集书库/ [索取号:D802.2/15] | 在馆 | |
| 7 | 0471679 | 204716799 | 密集书库/ [索取号:D802.2/15] | 在馆 | |
| 8 | 0785894 | 207858941 | 密集书库/ [索取号:D802.2/15] | 在馆 |